000 00407nam a2200169 a 4500
001 2683
005 20140414131902.0
008 050924s19uu xx 00 eng d
020 _a0-448-08952-1
050 _aFIC
_bD54 #52
100 _aFranklin W. Dixon
245 _aThe shattered helmet.
260 _aNew York :
_bGrosset & Dunlap.
300 _ap. ; cm.
440 _aHardy boys
999 _c110728
_d110728